50 Biggest Cities in Central Asia on a Blank Map - Statistics

General Stats
  • This quiz has been taken 4,263 times
    948 since last reset
  • The average score is 18 of 50
Answers on the Map
Answers color-coded by a green-red scale on the quiz's map according to % correct below.
 
Answer Stats
CIty Population % Correct
Astana 1,136,008
99%
Tashkent 2,571,668
96%
Bishkek 1,039,072
94%
Almaty 1,916,782
93%
Dushanbe 863,400
91%
Ashgabat 947,221
90%
Samarqand 546,303
74%
Osh 283,253
60%
Shymkent 1,036,144
56%
Bukhara 280,187
52%
Aktobe 500,798
48%
Karagandy 497,698
46%
Mary 126,141
46%
Atyrau 271,919
41%
Türkmenabat 279,765
41%
Aktau 188,827
39%
Fergana 288,850
39%
Nukus 319,583
38%
Pavlodar 343,942
34%
Namangan 626,120
32%
Oral 309,047
32%
Petropavl 219,230
32%
Turkistan 171,919
32%
Andijan 441,700
31%
Kyzylorda 279,778
30%
Semey 327,835
29%
Jalal-Abad 111,135
28%
Khujand 183,600
27%
Oskemen 333,178
26%
Taraz 358,063
26%
Urganch 143,750
25%
Daşoguz 245,872
24%
Kokand 252,730
24%
Kostanay 248,336
24%
Navoiy 144,158
20%
Jizzax 177,447
19%
Qarshi 274,891
18%
Termiz 179,572
14%
Kokshetau 148,733
12%
Bokhtar 111,800
10%
Taldykorgan 145,709
10%
Ekibastuz 143,203
9%
Kulob 106,300
9%
Temirtau 186,076
9%
Angren 188,360
8%
Margilan 235,024
8%
Chirchiq 157,220
6%
Shakhrisabz 139,113
6%
Rudny 129,112
5%
Olmaliq 131,111
3%
No matching quizzes found
Score Distribution
Percent of People with Each Score
Percentile by Number Answered
Your Score History
You have not taken this quiz since the last reset